000 00773nam a2200289Ia 4500
005 20260324114119.0
008 008 260324s9999 xx 000 0 eng d
020 _a9781003373391
037 _aEBOOK
040 _aCRL
040 _beng
040 _cCRL
041 _2eng
041 _aeng
084 _qCRL
100 _aYoung Suh Song; Shiromani Balmukund Rahi; Shubham Tayal; Abhishek Kumar Upadhyay
_91149486
245 0 _aNegative Capacitance Field Effect Transistors
245 0 _bPhysics, Design, Modeling and Applications
260 _bTaylor and Francis
260 _c2023
365 _a
365 _b210
856 _uhttp://www.taylorfrancis.com/books/9781003373391
942 _cEBOOK
999 _c1739487
_d1739487